| 000 | 00373nam a22001697a 4500 | ||
|---|---|---|---|
| 005 | 20160616103712.0 | ||
| 008 | 160616b xxu||||| |||| 00| 0 eng d | ||
| 020 | _a81-203-1248-1 | ||
| 041 | _aeng | ||
| 082 | _b7909 | ||
| 100 |
_aKaul Asha _9282 |
||
| 245 | _aBusiness Communication | ||
| 260 |
_bPHI _c2004 |
||
| 300 | _a121 | ||
| 650 |
_aManagement _9241 |
||
| 942 | _cBK | ||
| 999 |
_c2879 _d2878 |
||